00488 2200205 4500001002100000008004100021035002000062245005000082100001800132250000600150260003200156300001100188084001400199082000800213650001300221990001200234990001200246990001200258990001200270INLIS000000000000653 ind  a0010-0424000629 aRahasia Dibalik Pencakar LangitcBobbi Searle aSearle, Bobbi a1 aBandung :bPakar Rayac2007 a27 hlm a600 BOB r a600 aNonfiksi a0721666 a0721667 a0721668 a0721669